|
|
|
|
| LEADER |
00000nam0a2200000 4500 |
| 001 |
126351 |
| 005 |
20231101220005.0 |
| 020 |
|
|
|a RU
|b 88-32186
|
| 035 |
|
|
|a (RuTPU)RU\TPU\book\136690
|
| 090 |
|
|
|a 126351
|
| 100 |
|
|
|a 20071127d1988 m y0rusy5003 ca
|
| 101 |
1 |
|
|a rus
|c cze
|
| 102 |
|
|
|a RU
|
| 105 |
|
|
|a y z 000ay
|
| 200 |
1 |
|
|a Похождения бравого солдата Швейка
|e Роман
|f Я. Гашек
|g пер. с чеш. и примеч. П. Богатырев ; худож. К. Б. Хайрулин
|
| 210 |
|
|
|a Алма-Ата
|c Казахстан
|d 1988
|
| 215 |
|
|
|a 559,[1] с.
|
| 333 |
|
|
|a Исключено из фонда НТБ ТПУ
|
| 700 |
|
1 |
|a Гашек
|b Я.
|c чешский писатель-сатирик
|f 1883-1923
|g Ярослав
|9 4546
|
| 702 |
|
1 |
|a Богатырев
|b П.
|4 730
|
| 702 |
|
1 |
|a Хайрулин
|b К. Б.
|4 440
|
| 801 |
|
0 |
|a RU
|b RuMRKP
|c 19950417
|g psbo
|
| 801 |
|
1 |
|a RU
|b 63413507
|c 20071127
|g PSBO
|
| 801 |
|
2 |
|a RU
|b 63413507
|c 20220429
|g PSBO
|
| 942 |
|
|
|c BK
|